The Travacore-Cochin budget manual (Record no. 429733)

000 -LEADER
fixed length control field 00340cam a22001097a 4500
008 - FIXED-LENGTH DATA ELEMENTS--GENERAL INFORMATION
fixed length control field 180718b1953 xxu||||| |||| 00| 0 eng d
082 ## - DEWEY DECIMAL CLASSIFICATION NUMBER
Classification number L1x5453 T697m
245 ## - TITLE STATEMENT
Title The Travacore-Cochin budget manual
Statement of responsibility, etc. by Finance Department, Kerala
260 ## - PUBLICATION, DISTRIBUTION, ETC.
Place of publication, distribution, etc. Trivandrum
Name of publisher, distributor, etc. Finance Department
Date of publication, distribution, etc. 1953
300 ## - PHYSICAL DESCRIPTION
Extent 192+p.
700 ## - ADDED ENTRY--PERSONAL NAME
Personal name Kerala. Finance Department
Holdings
Withdrawn status Lost status Damaged status Not for loan Permanent Location Current Location Date acquired Full call number Barcode Date last seen Price effective from Koha item type
        Indian Institute of Public Administration Indian Institute of Public Administration 2010-01-04 L1x5453 T697m 2834 2018-07-21 2018-07-21 Book

Powered by Koha